|
|
|
|
| LEADER |
00000cam a2200000 i 4500 |
| 001 |
1/19587 |
| 008 |
960701s1987 gre d |
| 035 |
|
|
|l 10021327
|
| 040 |
|
|
|a GR-MY-UA
|b gre
|e aacr
|
| 041 |
0 |
|
|a gre
|
| 082 |
0 |
|
|a 338.4791
|
| 110 |
2 |
|
|a Κέντρο Προγραμματισμού και Οικονομικών Ερευνών.
|
| 245 |
1 |
0 |
|a Τουρισμός /
|c Κέντρο Προγραμματισμού και Οικονομικών Ερευνών
|
| 260 |
|
|
|a Αθήνα :
|b ΚΕΠΕ,
|c 1987
|
| 300 |
|
|
|a 159 σ.
|b πίν.
|
| 490 |
1 |
|
|a Θέματα προγραμματισμού. Εκθέσεις για το πρόγραμμα 1983-1987
|v ; Ε9
|
| 500 |
|
|
|a Περιλαμβάνει βιβλιογραφία
|
| 650 |
0 |
0 |
|a Tourism.
|
| 650 |
0 |
0 |
|a Tourism
|z Greece.
|
| 830 |
|
0 |
|a Θέματα προγραμματισμού. Εκθέσεις για το πρόγραμμα 1983-1987 ;
|v ; Ε9
|
| 852 |
|
|
|a INST
|b CHIOS
|e 19960701
|h 338.4791 ΤΟΥ
|p 005200007401
|q 005200007401
|t BK
|y 0
|
| 852 |
|
|
|a INST
|b LESVOS
|e 20000621
|h 338.4791 ΤΟΥ
|p 005100020586
|q 005100020586
|t BK
|y 0
|
| 901 |
|
|
|a BIBL1-2000-2
|
| 909 |
|
|
|a Χ
|b 013829
|
| 909 |
|
|
|a Λ
|b 033128
|
| 970 |
|
|
|z 2000/06/ΔΕΜΕΝΑΓΑΣ (ELIDOC)
|